| 000 | 00664nam a22002051a 4500 | ||
|---|---|---|---|
| 001 | 886 | ||
| 003 | OSt | ||
| 005 | 20260204211713.0 | ||
| 008 | 040115s1997||||sp ||||||b||||||||||spa|| | ||
| 020 | _a9580417679 | ||
| 050 | _a332 G985f | ||
| 082 | _a332 G985f | ||
| 100 | _aGutierrez Marulanda, Luis Fernando | ||
| 245 | _aFinanzas prácticas para paises en desarrollo: con énfasis en flujos de fondos, uso de calculadoras financieras, inflación, devaluación y análisis de valor de los accionistas / Luis Fernando Gutierrez Marulanda | ||
| 264 | _aEspaña : Norma | ||
| 300 | _a354 p | ||
| 500 | _aIncluye indice | ||
| 650 | _a1.FinanzasÌ | ||
| 942 |
_2ddc _cBK |
||
| 999 |
_c886 _d886 |
||